แสดงรายละเอียดบรรณานุกรม
  กลับหน้าหลัก

Brief Record : Get Marc (ISO 2709) : E-mail record : QR code ปิดหน้าต่าง
LEADER 00000nama 2200000uu 4500
001    186797
003     ULIBM
008    040531s2543 th m m a000 0 tha d
020    974-293-800-8
041    tha
050    วจ WX27 ป272ภ 2543
100    สถาบันพระบรมราชชนนก
245    ภาพลักษณ์และกลยุทธ์การพัฒนาโรงพยาบาลชุมชนในสองทศวรรษหน้า : มุมมองของผู้ทรงคุณวุฒิ 400
260    นนทบุรี สถาบันพระบรมราชชนนก 2543
300    83 หน้า
650    โรงพยาบาลชุมชน - ภาพลักษณ์
998    2002-06-06
999    ^aใช้งานได้ทุกระบบ
รายการนี้ยังไม่มีแท็ก
คุณยังไม่ได้ล็อกอิน คุณสามารถมีกิจกรรมร่วมกับเว็บไซต์ได้ แต่ต้องล็อกอินก่อน ::
  ล็อกอิน
ลำดับที่ ประเภท เลขเรียก สถานที่ สถานะ
1. งานวิจัย
งานวิจัย
วจ WX27 ป272ภ 2543  
  
หนังสือทั่วไป On Shelf
  ขอยืม
   [แสดง 1/1 รายการ]

รายการใกล้เคียง
    ผู้แต่ง [สถาบันพระบรมราชชนนก]

BibComment


ยังไม่เคยถูกคอมเมนท์

คอมเมนท์ทรัพยากรรายการนี้
  คอมเมนท์: ภาพลักษณ์และกลยุท..
Bib 186797

 
 
 

 Union Library Management : ULibM
Copyright 2026. All Rights Reserved.
скачать бесплатно без регистрации порно красивый секс HD Sex Hindi sex

xxx gou

xxxx

bfxxx

xxxwww

Секса Видео

xxxx

Секса Видео

detube

geilexxx

C99 Shell

worms shell

blod xxx video
Ebony Coed Rihanna Rimes Takes A Dick In Her Young Twat priyaa indian fuck anal and pusssy hardcore indian women xxx desi hardcore fucking part 1 bengalixxxcouple